[Event "Positano op-A"]
[Site "Positano"]
[Date "2008.10.28"]
[Round "5"]
[White "Kizov, Atanas"]
[Black "Sion Castro, Marcelino"]
[Result "0-1"]
[WhiteElo "2439"]
[BlackElo "2371"]
[PlyCount "46"]
[EventDate "2008.10.26"]
[EventType "swiss"]
[EventRounds "9"]
[EventCountry "ITA"]
[SourceTitle "EXT 2011"]
[Source "ChessBase"]
[SourceDate "2010.11.26"]
[SourceVersion "1"]
[SourceVersionDate "2010.11.26"]
[SourceQuality "1"]

1. d4 e6 2. c4 f5 3. g3 Nf6 4. Bg2 c6 5. Nh3 d6 6. 0-0 Be7 7. Nd2 0-0 8. e4 e5 9. dxe5 dxe5 10. Qe2 Na6 11. exf5 Bxf5 12. Ne4 Nxe4 13. Bxe4 Nc5 14. Bxf5 Rxf5 15. Be3 a5 16. Rad1 Qc8 17. Kg2 Qe6 18. f3 Raf8 19. g4 Rxf3 20. Nf2 e4 21. h3 Qe5 22. Nh1 Bd6 23. Bg1 Nd3 0-1

[Event "Positano op-A"]
[Site "Positano"]
[Date "2008.10.27"]
[Round "2"]
[White "Sion Castro, Marcelino"]
[Black "Martorelli, Antonio"]
[Result "1-0"]
[WhiteElo "2371"]
[BlackElo "2243"]
[PlyCount "58"]
[EventDate "2008.10.26"]
[EventType "swiss"]
[EventRounds "9"]
[EventCountry "ITA"]
[SourceTitle "EXT 2011"]
[Source "ChessBase"]
[SourceDate "2010.11.26"]
[SourceVersion "1"]
[SourceVersionDate "2010.11.26"]
[SourceQuality "1"]

1. e4 c5 2. Nf3 e6 3. d4 cxd4 4. Nxd4 a6 5. Nc3 b5 6. Bd3 Bc5 7. Nb3 Ba7 8. Qg4 Nf6 9. Qg3 d6 10. 0-0 Nc6 11. Kh1 b4 12. Nd1 0-0 13. Bg5 Kh8 14. f4 Ne7 15. e5 Nfd5 16. Qh4 g6 17. c4 bxc3 18. Nxc3 Qd7 19. Nxd5 Nxd5 20. Be4 f5 21. exf6 Bb7 22. Na5 Kg8 23. Nxb7 Qxb7 24. Rae1 Qb5 25. Qh6 Rf7 26. Bxg6 Raf8 27. Bxf7+ Rxf7 28. Qh3 Ne3 29. a4 Qd3 1-0

[Event "ESP-chT"]
[Site "Ciudad Real"]
[Date "2004.08.28"]
[Round "6.3"]
[White "Sion Castro, Marcelino"]
[Black "Vera Gonzalez Quevedo, Reynaldo"]
[Result "1/2-1/2"]
[WhiteElo "2384"]
[BlackElo "2440"]
[PlyCount "94"]
[EventDate "2004.08.23"]
[EventType "team"]
[EventRounds "6"]
[EventCountry "ESP"]
[SourceTitle "CBM 102 Extra"]
[Source "ChessBase"]
[SourceDate "2004.11.03"]
[SourceVersion "1"]
[SourceVersionDate "2004.11.03"]
[SourceQuality "1"]

1. e4 c5 2. Nf3 d6 3. d4 Nf6 4. Bb5+ Nbd7 5. e5 Qa5+ 6. Nc3 Ne4 7. Bd2 Nxc3 8. Bxd7+ Bxd7 9. Bxc3 Qa6 10. exd6 exd6 11. Qe2+ Qxe2+ 12. Kxe2 f6 13. Rhe1 Kf7 14. Kf1 Be7 15. Rad1 Rhe8 16. dxc5 Bb5+ 17. Kg1 dxc5 18. Nd2 Rad8 19. Nf1 Rxd1 20. Rxd1 Rd8 21. Rxd8 Bxd8 22. Ne3 Bc6 23. f3 Bc7 24. Kf2 b5 25. b3 Ke6 26. Bb2 h5 27. h3 h4 28. Nd1 a5 29. Bc1 Be5 30. Bb2 Bf4 31. Nc3 Bc7 32. Bc1 Bg3+ 33. Ke3 g5 34. Ne2 Bd6 35. Kf2 b4 36. Be3 Bb5 37. c4 bxc3 38. Nxc3 Bg3+ 39. Kg1 Bd3 40. Bxc5 Be1 41. Bd4 Bxc3 42. Bxc3 Bb1 43. Bxa5 Bxa2 44. b4 Bc4 45. g3 hxg3 46. Kg2 Kf5 47. Kxg3 Bf1 1/2-1/2

[Event "Pamplona op"]
[Site "Pamplona"]
[Date "2002.12.23"]
[Round "4"]
[White "Sion Castro, Marcelino"]
[Black "Navarro Cia, Miguel"]
[Result "1/2-1/2"]
[WhiteElo "2394"]
[BlackElo "2325"]
[PlyCount "31"]
[EventDate "2002.12.21"]
[EventType "swiss"]
[EventRounds "9"]
[EventCountry "ESP"]
[SourceTitle "CBM 091 Extra"]
[Source "ChessBase"]
[SourceDate "2003.01.09"]
[SourceVersion "1"]
[SourceVersionDate "2003.01.09"]
[SourceQuality "1"]

1. e4 Nf6 2. e5 Nd5 3. d4 d6 4. Nf3 Bg4 5. Be2 c6 6. c4 Nb6 7. exd6 exd6 8. 0-0 Be7 9. Nbd2 0-0 10. Re1 Bf6 11. a4 a5 12. Ra3 d5 13. c5 N6d7 14. Re3 Na6 15. Nb3 b6 16. Bd2 1/2-1/2

[Event "ESP-chT1"]
[Site "Mondariz"]
[Date "2002.09.11"]
[Round "3"]
[White "Rodriguez Boado, Martin"]
[Black "Sion Castro, Marcelino"]
[Result "0-1"]
[WhiteElo "2183"]
[BlackElo "2394"]
[PlyCount "54"]
[EventDate "2002.09.04"]
[EventType "team"]
[EventRounds "6"]
[EventCountry "ESP"]
[SourceTitle "CBM 090 Extra"]
[Source "ChessBase"]
[SourceDate "2002.11.07"]
[SourceVersion "1"]
[SourceVersionDate "2002.11.07"]
[SourceQuality "1"]

1. e4 e6 2. d4 d5 3. e5 c5 4. c3 Nc6 5. Nf3 Qb6 6. a3 Nh6 7. b4 cxd4 8. Bxh6 gxh6 9. cxd4 Bd7 10. Nc3 Nxb4 11. axb4 Bxb4 12. Qb3 Rc8 13. Rc1 0-0 14. Ke2 Qa5 15. Na2 Rxc1 16. Nxc1 Ba4 17. Qb1 Rc8 18. Ke3 Bc2 19. Qa2 Ba3 20. Qa1 Rc3+ 21. Kf4 Be4 22. Be2 Bxf3 23. Na2 Rc2 24. Kxf3 Qd2 25. Re1 Rxa2 26. Qd1 Qc3+ 27. Bd3 Rd2 0-1

[Event "ESP-chT2"]
[Site "Vila Real"]
[Date "2001.08.13"]
[Round "1"]
[White "Sion Castro, Marcelino"]
[Black "Molina Mansilla, Ricardo"]
[Result "1-0"]
[WhiteElo "2396"]
[BlackElo "2228"]
[PlyCount "51"]
[EventDate "2001.08.13"]
[EventType "team"]
[EventRounds "7"]
[EventCountry "ESP"]
[SourceTitle "EXT 2002"]
[Source "ChessBase"]
[SourceDate "2001.11.25"]
[SourceVersion "1"]
[SourceVersionDate "2001.11.25"]
[SourceQuality "1"]

1. e4 c5 2. Nf3 d6 3. c3 Nf6 4. Be2 Nc6 5. d4 g6 6. d5 Nb8 7. 0-0 Bg7 8. Bb5+ Bd7 9. Bxd7+ Nbxd7 10. Re1 0-0 11. a4 a6 12. a5 b5 13. axb6 Nxb6 14. Qe2 c4 15. Na3 Qc7 16. Nd4 Rfc8 17. Bg5 Nbd7 18. Nc6 Ne5 19. Nxe5 dxe5 20. Nc2 a5 21. Bxf6 Bxf6 22. Ra4 Qb6 23. Na3 Qb3 24. Rxc4 Rcb8 25. Rc5 Qxb2 26. Rc8+ 1-0

[Event "ESP-chT"]
[Site "Barcelona"]
[Date "2000.08.08"]
[Round "4"]
[White "Buenafe Moya, Javier"]
[Black "Sion Castro, Marcelino"]
[Result "1/2-1/2"]
[WhiteElo "2231"]
[BlackElo "2420"]
[PlyCount "33"]
[EventDate "2000.08.05"]
[EventType "team"]
[EventRounds "9"]
[EventCountry "ESP"]
[SourceTitle "CBM 077 Extra"]
[Source "ChessBase"]
[SourceDate "2000.09.14"]
[SourceVersion "1"]
[SourceVersionDate "2000.09.14"]
[SourceQuality "1"]

1. Nf3 Nf6 2. c4 c5 3. g3 d5 4. cxd5 Nxd5 5. Bg2 Nc6 6. Nc3 Nxc3 7. dxc3 Qxd1+ 8. Kxd1 Bf5 9. Be3 e5 10. Kc1 Rc8 11. Rd1 Be7 12. Ng5 Bxg5 13. Bxg5 f6 14. Be3 b6 15. Kd2 Ke7 16. Ke1 Rhd8 17. Bxc6 1/2-1/2

[Event "Pamplona op"]
[Site "Pamplona"]
[Date "2000.??.??"]
[Round "5"]
[White "Hernandez Estevez, Yudania"]
[Black "Sion Castro, Marcelino"]
[Result "1/2-1/2"]
[WhiteElo "2310"]
[BlackElo "2422"]
[PlyCount "52"]
[EventDate "2000.??.??"]
[EventType "swiss"]
[EventRounds "9"]
[EventCountry "ESP"]
[SourceTitle "EXT 2001"]
[Source "ChessBase"]
[SourceDate "2000.11.22"]
[SourceVersion "1"]
[SourceVersionDate "2000.11.22"]
[SourceQuality "1"]

1. e4 c5 2. Nf3 e6 3. d4 cxd4 4. Nxd4 a6 5. Be2 Qc7 6. 0-0 Nf6 7. Nc3 Nc6 8. Be3 Bb4 9. Na4 b5 10. Nxc6 dxc6 11. Bc5 bxa4 12. Bxb4 c5 13. Ba3 Nxe4 14. Bf3 Bb7 15. Re1 Rd8 16. Qe2 f5 17. Bxe4 fxe4 18. Qh5+ g6 19. Qxc5 Qxc5 20. Bxc5 Rd2 21. Rac1 Kf7 22. Be3 Rd5 23. h3 Rhd8 24. b3 R8d7 25. c4 Rd3 26. b4 Bc6 1/2-1/2

[Event "Pamplona op"]
[Site "Pamplona"]
[Date "2000.??.??"]
[Round "8"]
[White "Sarthou, Gaetan"]
[Black "Sion Castro, Marcelino"]
[Result "0-1"]
[WhiteElo "2345"]
[BlackElo "2422"]
[PlyCount "100"]
[EventDate "2000.??.??"]
[EventType "swiss"]
[EventRounds "9"]
[EventCountry "ESP"]
[SourceTitle "EXT 2001"]
[Source "ChessBase"]
[SourceDate "2000.11.22"]
[SourceVersion "1"]
[SourceVersionDate "2000.11.22"]
[SourceQuality "1"]

1. e4 c5 2. Nf3 e6 3. d4 cxd4 4. Nxd4 a6 5. Bd3 d5 6. exd5 Qxd5 7. 0-0 Nf6 8. Nc3 Qd7 9. b3 Nc6 10. Nxc6 Qxc6 11. Bb2 b5 12. Be2 Bb7 13. Bf3 Qc7 14. Qe2 Rc8 15. Rac1 Bxf3 16. Qxf3 Bd6 17. Ne4 Nxe4 18. Qxe4 Bxh2+ 19. Kh1 Qf4 20. Qb7 Qb8 21. Qe4 Qf4 22. Rfe1 Qxe4 23. Rxe4 Bd6 24. Bxg7 Rg8 25. Bd4 Ba3 26. Rd1 Rxc2 27. Bb6 Be7 28. a4 Rg5 29. Be3 Rh5+ 30. Kg1 b4 31. Rg4 Rd5 32. Rg8+ Kd7 33. Rb1 Bf6 34. Rf8 Ke7 35. Ra8 Rc6 36. Bh6 Bc3 37. Bf8+ Kf6 38. Rc1 a5 39. Ra7 Be5 40. Be7+ Kg7 41. Re1 Rc3 42. Rb7 Rxb3 43. g3 Bd4 44. Re4 Rxg3+ 45. Kf1 Rg6 46. Rb8 h5 47. Rf4 Rg4 48. Rf3 Rf5 49. Rxf5 exf5 50. Bd8 h4 0-1

[Event "ESP-chT Div 2"]
[Site "Cala Galdana"]
[Date "1999.11.16"]
[Round "9"]
[White "Sion Castro, Marcelino"]
[Black "Llanes Hurtado, Miguel"]
[Result "1/2-1/2"]
[WhiteElo "2425"]
[BlackElo "2272"]
[PlyCount "52"]
[EventDate "1999.11.08"]
[EventType "team"]
[EventRounds "9"]
[EventCountry "ESP"]
[SourceTitle "CBM 073 Extra"]
[Source "ChessBase"]
[SourceDate "2000.01.11"]
[SourceVersion "1"]
[SourceVersionDate "2000.01.11"]
[SourceQuality "1"]

1. e4 e5 2. Nf3 Nf6 3. Nxe5 d6 4. Nf3 Nxe4 5. d4 d5 6. Bd3 Nc6 7. 0-0 Be7 8. c4 Nb4 9. Be2 0-0 10. Nc3 Bf5 11. a3 Nxc3 12. bxc3 Nc6 13. cxd5 Qxd5 14. c4 Qd6 15. d5 Ne5 16. Nd4 Bd7 17. a4 Qf6 18. Rb1 b6 19. Bb2 Qh6 20. Nb5 Bxb5 21. Bxe5 Ba6 22. Bxc7 Rac8 23. d6 Bd8 24. c5 Bxe2 25. Qxe2 Bxc7 26. dxc7 Rxc7 1/2-1/2

[Event "ESP-chT Div 2"]
[Site "Cala Galdana"]
[Date "1999.11.15"]
[Round "8"]
[White "Valles Moreno, Ivan"]
[Black "Sion Castro, Marcelino"]
[Result "1-0"]
[WhiteElo "2175"]
[BlackElo "2425"]
[PlyCount "33"]
[EventDate "1999.11.08"]
[EventType "team"]
[EventRounds "9"]
[EventCountry "ESP"]
[SourceTitle "CBM 073 Extra"]
[Source "ChessBase"]
[SourceDate "2000.01.11"]
[SourceVersion "1"]
[SourceVersionDate "2000.01.11"]
[SourceQuality "1"]

1. d4 Nf6 2. c4 g6 3. f3 Bg7 4. e4 d6 5. Nc3 0-0 6. Be3 c6 7. Nge2 a6 8. Nc1 Nbd7 9. Qd2 b5 10. Nb3 e5 11. 0-0-0 bxc4 12. Bxc4 a5 13. Na4 d5 14. dxe5 dxc4 15. exf6 Qxf6 16. Nbc5 Ne5 17. Bg5 1-0

[Event "Benasque op 19th"]
[Site "Benasque"]
[Date "1999.07.11"]
[Round "7"]
[White "Marin, Mihail"]
[Black "Sion Castro, Marcelino"]
[Result "1-0"]
[WhiteElo "2548"]
[BlackElo "2425"]
[PlyCount "73"]
[EventDate "1999.07.??"]
[EventType "swiss"]
[EventRounds "10"]
[EventCountry "ESP"]
[SourceTitle "CBM 072"]
[Source "ChessBase"]
[SourceDate "1999.10.01"]
[SourceVersion "1"]
[SourceVersionDate "1999.10.01"]
[SourceQuality "1"]

1. c4 Nf6 2. Nf3 c5 3. Nc3 Nc6 4. d4 cxd4 5. Nxd4 e6 6. g3 Qb6 7. Ndb5 Bc5 8. Bg2 a6 9. Nd6+ Ke7 10. Nde4 Nxe4 11. Nxe4 Bb4+ 12. Kf1 d6 13. Be3 Qd8 14. Qc2 Qa5 15. a3 f5 16. Rd1 fxe4 17. axb4 Qxb4 18. Bxe4 h6 19. Kg2 Ne5 20. Bd4 Bd7 21. Bc3 Qb6 22. Bxe5 dxe5 23. c5 Qb4 24. Rd6 Ba4 25. b3 Bxb3 26. Qd3 Rhd8 27. Rb1 Qxc5 28. Rxd8 Rxd8 29. Qxb3 b5 30. Qb2 Rd4 31. Rc1 Qb4 32. Rc7+ Kf6 33. Qxb4 Rxb4 34. f3 a5 35. Ra7 a4 36. Bc6 Rb3 37. Ra5 1-0

[Event "Benasque op 19th"]
[Site "Benasque"]
[Date "1999.??.??"]
[Round "10"]
[White "Sion Castro, Marcelino"]
[Black "Rodriguez Vargas, Orestes"]
[Result "1-0"]
[WhiteElo "2423"]
[BlackElo "2478"]
[PlyCount "33"]
[EventDate "1999.07.??"]
[EventType "swiss"]
[EventRounds "10"]
[EventCountry "ESP"]
[SourceTitle "EXT 2001"]
[Source "ChessBase"]
[SourceDate "2000.11.22"]
[SourceVersion "1"]
[SourceVersionDate "2000.11.22"]
[SourceQuality "1"]

1. e4 d5 2. exd5 Nf6 3. d4 Nxd5 4. Be2 g6 5. Nf3 Bg7 6. 0-0 0-0 7. Re1 c6 8. c4 Nb6 9. h3 N8d7 10. Bf1 Nf6 11. Bf4 Nh5 12. Be5 Be6 13. Qc2 Qd7 14. Nbd2 Rad8 15. a4 Bxe5 16. Rxe5 Qc7 17. Rxh5 1-0

[Event "ESP-ch"]
[Site "Linares"]
[Date "1998.08.17"]
[Round "6"]
[White "Sion Castro, Marcelino"]
[Black "Garcia Vicente, Nieves"]
[Result "1-0"]
[WhiteElo "2430"]
[BlackElo "2260"]
[PlyCount "75"]
[EventDate "1998.08.??"]
[EventType "swiss"]
[EventRounds "9"]
[EventCountry "ESP"]
[SourceTitle "EXT 1999"]
[Source "ChessBase"]
[SourceDate "1998.11.16"]
[SourceVersion "1"]
[SourceVersionDate "1998.11.16"]
[SourceQuality "1"]

1. e4 e5 2. Nf3 Nc6 3. Bb5 Nf6 4. 0-0 Nxe4 5. Re1 Nd6 6. Nxe5 Be7 7. Bf1 Nxe5 8. Rxe5 0-0 9. Nc3 Bf6 10. Re1 b6 11. d4 Bb7 12. Qg4 Re8 13. Bd2 g6 14. Bd3 a6 15. h3 Rc8 16. Qf4 Bg7 17. Rxe8+ Nxe8 18. d5 Qf6 19. Qg4 Qd4 20. Qxd7 Nf6 21. Qe7 Nxd5 22. Qe4 Qxe4 23. Bxe4 Rd8 24. Bg5 f6 25. Bxd5+ Bxd5 26. Bf4 Bc6 27. Bxc7 Rd2 28. Rd1 Rxc2 29. Rd6 Bb5 30. Rxb6 Rxb2 31. a4 Rc2 32. Rb8+ Kf7 33. axb5 Rxc3 34. Rb7 Ke6 35. bxa6 Bf8 36. a7 Ra3 37. Bb6 Bd6 38. g3 1-0

[Event "ESP-ch"]
[Site "Linares"]
[Date "1998.08.15"]
[Round "4"]
[White "Sion Castro, Marcelino"]
[Black "Ferrer, Pedro"]
[Result "1-0"]
[WhiteElo "2430"]
[BlackElo "2270"]
[PlyCount "59"]
[EventDate "1998.08.??"]
[EventType "swiss"]
[EventRounds "9"]
[EventCountry "ESP"]
[SourceTitle "EXT 1999"]
[Source "ChessBase"]
[SourceDate "1998.11.16"]
[SourceVersion "1"]
[SourceVersionDate "1998.11.16"]
[SourceQuality "1"]

1. e4 c5 2. Nf3 d6 3. d4 cxd4 4. Nxd4 Nf6 5. Nc3 a6 6. Bc4 e6 7. Bb3 b5 8. Bg5 Be7 9. Qf3 Qc7 10. 0-0-0 0-0 11. Rhe1 b4 12. Na4 Nbd7 13. Qg3 Nc5 14. Nxc5 Qxc5 15. e5 dxe5 16. Rxe5 Qc7 17. Rde1 Nh5 18. Qh4 Bxg5+ 19. Rxg5 Qf4+ 20. Qxf4 Nxf4 21. Nc6 Bb7 22. Nxb4 a5 23. Nd3 Nxd3+ 24. cxd3 Rfd8 25. Bc4 Rd4 26. f3 h6 27. Rc5 g5 28. h3 a4 29. Kc2 Kg7 30. Rc7 1-0

[Event "ESP-ch"]
[Site "Linares"]
[Date "1998.08.14"]
[Round "3"]
[White "Perez Candelario, Manuel"]
[Black "Sion Castro, Marcelino"]
[Result "0-1"]
[WhiteElo "2155"]
[BlackElo "2430"]
[PlyCount "86"]
[EventDate "1998.08.??"]
[EventType "swiss"]
[EventRounds "9"]
[EventCountry "ESP"]
[SourceTitle "EXT 1999"]
[Source "ChessBase"]
[SourceDate "1998.11.16"]
[SourceVersion "1"]
[SourceVersionDate "1998.11.16"]
[SourceQuality "1"]

1. e4 c5 2. Nf3 e6 3. d4 cxd4 4. Nxd4 Nc6 5. Nc3 Qc7 6. Be2 a6 7. 0-0 Nf6 8. Be3 Bb4 9. Nxc6 bxc6 10. Qd4 c5 11. Qc4 Bb7 12. Na4 Nxe4 13. c3 d5 14. Qb3 Ba5 15. Nxc5 Nxc5 16. Bxc5 Qxc5 17. Qxb7 0-0 18. Qd7 Bb6 19. Qa4 a5 20. Qb5 Qd6 21. Qd3 Rab8 22. Rab1 Rfd8 23. Qg3 Qc6 24. Qh4 Rd7 25. a4 Rdd8 26. Bb5 Qc5 27. Rfe1 Rd6 28. Re5 Bd8 29. Qh3 g6 30. Qf3 Kg7 31. Rd1 Bf6 32. Re2 Rdd8 33. Red2 Bg5 34. Rd3 e5 35. Qg4 e4 36. Rd4 Bf6 37. R4d2 d4 38. cxd4 Bxd4 39. Kf1 Kf6 40. f3 Bg1 41. Qg3 Rxd2 42. Rxd2 exf3 43. gxf3 Qc1+ 0-1

[Event "ESP-ch"]
[Site "Linares"]
[Date "1998.08.12"]
[Round "1"]
[White "Castany Pampalona, Andreu"]
[Black "Sion Castro, Marcelino"]
[Result "0-1"]
[WhiteElo "2115"]
[BlackElo "2430"]
[PlyCount "64"]
[EventDate "1998.08.??"]
[EventType "swiss"]
[EventRounds "9"]
[EventCountry "ESP"]
[SourceTitle "EXT 1999"]
[Source "ChessBase"]
[SourceDate "1998.11.16"]
[SourceVersion "1"]
[SourceVersionDate "1998.11.16"]
[SourceQuality "1"]

1. d4 Nf6 2. Nf3 g6 3. c4 Bg7 4. Nc3 0-0 5. e4 d6 6. Bg5 c5 7. d5 b5 8. cxb5 a6 9. a4 h6 10. Bd2 e6 11. Be2 exd5 12. exd5 Bb7 13. 0-0 Nbd7 14. Bf4 Nb6 15. bxa6 Bxa6 16. Bxa6 Rxa6 17. a5 Nc8 18. Qa4 Ne7 19. Rfd1 Nh5 20. Bd2 Qa8 21. Qd7 Nf5 22. g4 Nf6 23. Qb5 Nxg4 24. Na4 Qxd5 25. Qxa6 Qxf3 26. Qf1 Nxf2 27. Qg2 Qh5 28. Kxf2 Bd4+ 29. Kf1 Nh4 30. Qe4 d5 31. Qd3 Nf3 32. Kg2 Qxh2+ 0-1

[Event "ESP-chT"]
[Site "Spain"]
[Date "1998.??.??"]
[Round "1"]
[White "Piay Augusto, Diego"]
[Black "Sion Castro, Marcelino"]
[Result "1/2-1/2"]
[WhiteElo "2215"]
[BlackElo "2420"]
[PlyCount "128"]
[EventDate "1998.??.??"]
[EventType "team"]
[EventRounds "9"]
[EventCountry "ESP"]
[SourceTitle "EXT 2002"]
[Source "ChessBase"]
[SourceDate "2001.11.25"]
[SourceVersion "1"]
[SourceVersionDate "2001.11.25"]
[SourceQuality "1"]

1. e4 c5 2. c3 d5 3. exd5 Qxd5 4. d4 cxd4 5. cxd4 Nc6 6. Nf3 e5 7. Nc3 Bb4 8. Be3 Bg4 9. Be2 exd4 10. 0-0 Bxc3 11. bxc3 Nf6 12. cxd4 0-0 13. Qa4 Rad8 14. Rab1 Qd7 15. Qb5 b6 16. Rfd1 Nd5 17. Rdc1 Rc8 18. Ne5 Nxe5 19. Rxc8 Rxc8 20. Bxg4 Qxb5 21. Rxb5 Nxg4 22. Rxd5 Nf6 23. Re5 Kf8 24. h3 Rc2 25. a3 Ra2 26. Bc1 Ra1 27. Re1 Nd5 28. Kf1 f6 29. Bb2 Rxe1+ 30. Kxe1 Nf4 31. Kf1 Ke7 32. Bc1 Nd3 33. Be3 Kd6 34. Ke2 Nb2 35. Bf4+ Kd5 36. Bb8 a6 37. Ba7 Nc4 38. Kd3 b5 39. Bc5 a5 40. Bf8 g6 41. f3 f5 42. g4 fxg4 43. hxg4 h5 44. gxh5 gxh5 45. Be7 b4 46. axb4 a4 47. b5 h4 48. Bxh4 a3 49. Be1 a2 50. Bc3 Na3 51. b6 Kc6 52. f4 Nb5 53. Ba1 Nd6 54. d5+ Kxd5 55. Kc3 Kc6 56. Kb3 Kxb6 57. Kxa2 Kc5 58. Be5 Nf5 59. Kb3 Kd5 60. Kc3 Ke4 61. Kc4 Ne3+ 62. Kc5 Nd5 63. Kd6 Nxf4 64. Bxf4 Kxf4 1/2-1/2